| 000 | 00803nam a2200253 i 4500 | ||
|---|---|---|---|
| 001 | bg | ||
| 100 | 1 | _aPAWLAK, Marek | |
| 245 | 1 | 0 |
_aInżynieria systemów i zarządzanie projektami / _cMarek Pawlak ; Politechnika Lubelska. |
| 260 |
_aLublin : _bWydawnictwa Uczelniane PL, _c1997. |
||
| 300 |
_a217 s. : _brys., wykr. ; _c24 cm. |
||
| 500 | _aU góry okł. nazwa przedmiotu : Zarządzanie i Marketing. | ||
| 504 | _aBibliogr. s. 217. | ||
| 650 | 9 | _aInżynieria systemów | |
| 650 | 9 | _aZarządzanie | |
| 655 | _aPodręczniki akademickie | ||
| 711 | 2 |
_aPolitechnika Lubelska (Lublin) _eInst. sprawcza |
|
| 020 | _a8387270261 | ||
| 040 | _cBPK | ||
| 041 | 0 | _apl | |
| 080 | _a62:007.5:65.012.4](075.8) | ||
| 920 | _a83-87270-26-1 | ||
| 942 | _cKS | ||
| 008 | s pl f |000 0 pol | ||
| 999 |
_c32640 _d32640 |
||
| 856 |
_uhttp://koha.tu.koszalin.pl/cgi-bin/koha/opac-detail.pl?biblionumber=32640 _yKatalog online BPK |
||